000 00325pab a2200133 454500
008 180718b1984 xxu||||| |||| 00| 0 eng d
245 _aNo centre - state conflict in planning
260 _c1984
300 _a33-6
362 _aOct.-Dec.
650 _aFederal - State Relations
773 _aEastern Economist
909 _a8350
999 _c8350
_d8350